Australian geography by letter: W - Statistics

General Stats
  • This quiz has been taken 27 times
  • The average score is 6 of 16
Answer Stats
Hint Answer % Correct
The largest state Western Australia
100%
The Gong Wollongong
72%
Common or hairy-nosed Wombat
68%
So good they named it twice Wagga Wagga
64%
Group of islands named by James Cook on a day he thought was Pentecost Whitsunday Islands
52%
Macropod Wallaby
48%
Outer Melbourne suburb known for sewage treatment plants, an open plains zoo, and veterinary training Werribee
48%
Massive flared slope in Western Australia Wave Rock
36%
Wallaroo
32%
Peninsula, national park, and the southernmost point of continental Australia Wilsons Promontory
32%
The Gabba Woolloongabba
20%
Woy Woy
20%
Almost a ghost town, this stunning old mining settlement in the mountains of Gippsland has no Norse warriors in evidence Walhalla
16%
Rare and endangered coniferous tree that was only known through fossils until a chance discovery in 1994 Wollemi Pine
12%
Peoples indigenous to the Cape York Peninsula, and a landmark High Court ruling on Native Title Wik
8%
This entire old gold town in the Victorian Alps is heritage listed, and the hedge maze is pretty good too Wandiligong
0%
No matching quizzes found
Score Distribution
Percent of People with Each Score
Percentile by Number Answered
Your Score History
You have not taken this quiz